| 000 | 00381nam a22001337a 4500 | ||
|---|---|---|---|
| 020 | _a0-02-946055-7 | ||
| 082 | _a620.00425 BER'A | ||
| 100 |
_aBERTOLINE, GARY R _97936 |
||
| 245 | _aAUTOCAD FOR ENGINEERING GRAPHICS | ||
| 260 |
_aNEWYORK _bMACMILLAN _c1990 |
||
| 300 | _a520P | ||
| 650 |
_aAUTOCAD - COMPUTER PROGRAM ENGINEERING GRAPHICS GRAPHICS-ENGINEERING _962350 |
||
| 942 | _cBK | ||
| 999 |
_c571484 _d571484 |
||